Bytový dom

Na minha lista:
Detalhes bibliográficos
Autor principal: Bálint, Dárius (Author)
Outros Autores: Šmotlák, Marcel (Thesis advisor)
Formato: Manuscrito Livro
Idioma:eslovaco
Publicado em: 2019
Assuntos:
Acesso em linha:http://is.stuba.sk/zp/portal_zp.pl?podrobnosti=136731
https://opac.crzp.sk/?fn=detailBiblioForm&sid=A6067EBA354513018769D80D9AAB
Tags: Adicionar Tag
Sem tags, seja o primeiro a adicionar uma tag!

MARC

LEADER 00000ntm a22000003a 4500
001 stuzp75295
003 SK-STU
005 20230525143307.8
007 ta
008 150427s2015----xo-----f-mn---000-0-slo-d
040 |a STU  |b slo 
041 0 |a slo 
100 1 |a Bálint, Dárius  |u 010270  |4 aut  |U SvF Stavebná fakulta  |T SvF Katedra technológie stavieb  |X 87335  |U V270  |Y 28  |7 87335 
242 0 1 |a Flat house  |y eng 
245 1 0 |a Bytový dom 
260 |c 2019 
650 4 |a bytový dom  |2 slo 
650 4 |a hydroizolácia spodnej stavby  |2 slo 
650 4 |a projekt organizácie výstavby  |2 slo 
650 4 |a časový harmonogram  |2 slo 
650 4 |a apartment block  |2 eng 
650 4 |a waterproofing of foundations  |2 eng 
650 4 |a construction organization project  |2 eng 
650 4 |a time schedule  |2 eng 
700 1 |a Šmotlák, Marcel  |u 010270  |k Z1  |4 ths  |U SvF Stavebná fakulta  |T SvF Katedra technológie stavieb  |X 28851  |U V270  |Y 28  |7 A000028851 
856 4 |u http://is.stuba.sk/zp/portal_zp.pl?podrobnosti=136731 
856 4 |u https://opac.crzp.sk/?fn=detailBiblioForm&sid=A6067EBA354513018769D80D9AAB